MARC

LEADER 00000nam0a2200000 4500
001 134185
005 20250513111929.0
035 |a (RuTPU)RU\TPU\book\145436 
090 |a 134185 
100 |a 20080326d1980 m y0rusy5003 ca 
101 0 |a rus 
102 |a RU 
105 |a a z 000zb 
200 1 |a Семнадцать весен Майи  |f Э. Е. Гуфельд, А. Л. Еремян 
210 |a Москва  |c Физкультура и спорт  |d 1980 
215 |a 111 с.  |c ил. 
333 |a Исключено из фонда НТБ ТПУ 
600 1 |a Чибурданидзе  |b М. Г.  |c грузинская шахматистка, 6-я чемпионка мира  |c заслуженный мастер спорта СССР  |f 1961-  |g Майя Григорьевна  |2 stltpush  |3 (RuTPU)RU\TPU\pers\23110  |9 9942 
610 1 |a шахматы 
610 1 |a шахматисты 
610 1 |a шахматные партии 
610 1 |a биографии 
675 |a 794.1 
700 1 |a Гуфельд  |b Э. Е.  |g Эдуард Ефимович 
701 1 |a Еремян  |b А. Л.  |g Арсен Левонович 
801 0 |a RU  |b RuMRKP  |c 19950704  |g psbo 
801 1 |a RU  |b 63413507  |c 20080326  |g PSBO 
801 2 |a RU  |b 63413507  |c 20081223  |g PSBO 
850 |a 63413507 
942 |c BK